000 00487nam a22001937a 4500
003 bpm
005 20260407091452.0
008 260407b |||||||| |||| 00| j spa d
020 _a9789871224432
024 _aS. C. C. / M. C. y E. M.:
040 _aAR-CtUCP
041 _aspa
080 _aCDU
100 _aFigueroa Ramón Antonio
245 _aLa laguna del Iberá
_bmitos, leyendas y otros temas
650 _aLiteratura -Historias breves
942 _cLIB
999 _c76604
_d76604